| 000 | 00451nam a2200157Ia 4500 | ||
|---|---|---|---|
| 001 | 64506 | ||
| 008 | 210325n2015 ii |||gr||||Z||||||465 | ||
| 082 | _a340.1 | ||
| 100 |
_aDhyani,SN, _eAuthor. |
||
| 245 | 0 |
_aFundamentals of jurisprudence : _bthe indian approach / _cSN Dhyani . _hTextual Documents |
|
| 250 | _a3rd(reprint). | ||
| 260 |
_aAllahabad _bCentral Law agency _c2015 |
||
| 300 |
_a455p.: _c22cm. |
||
| 653 | _aJurisprudence | ||
| 942 |
_2ddc _cBK |
||
| 999 |
_c65606 _d65606 |
||